| 000 | 01990nam a22004334i 4500 | ||
|---|---|---|---|
| 001 | 197916 | ||
| 003 | ES-MaACL | ||
| 005 | 20251126063250.0 | ||
| 007 | ta | ||
| 008 | 251030s2025 sp a ||| 001 0 spa d | ||
| 017 |
_aV 2167-2025 _bOficina Depósito Legal Valencia |
||
| 020 | _a978-84-482-7066-7 | ||
| 040 |
_aES-MaACL _bspa _cES-MaACL _erda |
||
| 080 | _a75-055.2(083.824) | ||
| 080 | _a75 Navarro Ramón, Juan (083.824) | ||
| 100 |
_aNavarro Ramón, Juan, _d1903-1989 _eart _9242454 |
||
| 245 | 1 | 0 |
_aMujeres : _bla mirada pictórica de Navarro Ramón : del 13.12.2024 al 14.09.2025, Museo de Bellas Artes de Alicante / comisario, Juana María Balsalobre; textos Juana María Balsalobre [y otros tres] ; fotografía, Juan Peiró |
| 264 | 1 |
_a[Valencia] : _bConsorci de Museus de la Comunitat Valenciana ; _a[Alicante] : _bMubag, Museu Belles Arts Alacant, _c[2025] |
|
| 300 |
_a254 páginas : _bilustraciones (blanco y negro y color) ; _c30 cm. |
||
| 336 |
_2rdacontent _atexto _aimagen fija |
||
| 337 |
_2rdamedia _asin mediación |
||
| 338 |
_2rdacarrier _avolumen |
||
| 500 | _aExposición: Museo de Bellas Artes de Alicante, del 13 de diciembre del 2024 al 14 de septiembre del 2025 | ||
| 500 | _aTexto a dos columnas | ||
| 504 | _aIncluye referencias bibliográficas e índice | ||
| 546 | _aTexto en castellano y valenciano | ||
| 600 | 1 | 0 |
_aNavarro Ramón, Juan, _d1903-1989- _vExposiciones _9242519 |
| 650 | 4 |
_aMujeres- _xEn el arte- _915330 _vExposiciones |
|
| 655 | 7 |
_2tgfbne _9193628 _aCatálogos de exposiciones |
|
| 700 | 1 |
_9242517 _aBalsalobre, Juana María _eorm _eaut |
|
| 700 | 1 |
_9242518 _aPeiró, Juan _epht |
|
| 710 | 1 |
_9242520 _aMuseo de Bellas Artes de Alicante _ehis |
|
| 852 |
_aES-MaACL _cDEPO1 _jA-15823 _xEncuadernación rústica _9206928 |
||
| 942 |
_cMONOGRAFIA _n0 |
||
| 999 |
_c197916 _d197916 |
||